Son Tumikes (Record no. 601)
[ view plain ]
| 000 -CABECERA | |
|---|---|
| campo de control de longitud fija | 01464nam a22002774c 4500 |
| 003 - IDENTIFICADOR DE NUMERO DE CONTROL | |
| campo de control | AR-BaSMT |
| 008 - CAMPOS DE LONGITUD FIJA | |
| campo de control de longitud fija | 260325b2024 ag||||br|||| 000 1bspa d |
| 020 ## - ISBN: Indicadores indefinidos | |
| Número ISBN | 9786313010431 |
| 040 ## - FUENTE DE CATALOGACION | |
| Agencia de catalogación original | BSGB |
| Idioma de catalogación | español |
| Agencia que realiza la transcripción | BSGB |
| Convenciones de la descripción | rda |
| 041 0# - CODIGO DE IDIOMA | |
| Código idioma | spa |
| Idioma original | español |
| 080 ## - CDU | |
| CDU completo | 82-31 VAR |
| 100 1# - PUNTO DE ACCESO PRINCIPAL | |
| Nombre de persona | Vargas, Sebastián |
| Enlace autoridades | 29 |
| 245 14 - MENCION DE TITULO | |
| Título | Son Tumikes |
| 250 ## - MENCION DE EDICION | |
| Mención de edición | Primera edición |
| 264 #1 - PRODUCCIÓN, PUBLICACIÓN, DISTRIBUCIÓN, ETC. | |
| Lugar de publicación, etc. | Buenos aires : |
| Nombre editor. | Alfaguara , |
| Fecha | 2024 |
| 300 ## - DESCRIPCION FISICA | |
| Extensión | 112 páginas |
| 336 ## - TIPO DE CONTENIDO | |
| rdacontent | rdacontent |
| texto | texto |
| txt | txt |
| 337 ## - TIPO DE MEDIO | |
| rdamedia | rdamedia |
| sin mediación | sin mediación |
| n | n |
| 338 ## - TIPO DE SOPORTE | |
| rdacarrier | rdacarrier |
| volumen | volumen |
| nc | nc |
| 520 1# - NOTA DE SUMARIO, RESUMEN, ETC. | |
| Toda la nota | Vinieron del planeta Tumik en naves destartaladas. Sin nada, con las cuatro manos vacías. De color naranja casi fosforescente, se alimentan de la corteza de los árboles y quedan fascinados cuando ven un par de zapatos. Son raros. Demasiado. Y los humanos no saben qué hacer con ellos.<br/><br/>Con ingenio y mucha fantasía, Sebastián Vargas demuestra que la ciencia ficción no solo abre puertas hacia un futuro aún desconocido. Son tumikes es también una invitación a pensar en temas tan actuales como las diferencias, la discriminación, la tolerancia y el respeto. Quizás, en el fondo, no seamos tan distintos... |
| URL, URI, etc. | https://www.penguinlibros.com/ar/a-partir-de-9-anos/340444-ebook-son-tumikes-9786313010561<br/>25/03/2026 |
| 521 ## - NOTA DE PÚBLICO DESTINATARIO | |
| Nota de audiencia | A partir de 9 años |
| 650 #7 - PUNTO DE ACCESO ADICIONAL DE MATERIA – TÉRMINO TEMÁTICO | |
| Enlace autoridades | 8 |
| Término de materia o nombre geográfico como elemento de entrada | LITERATURA INFANTIL |
| 650 #7 - PUNTO DE ACCESO ADICIONAL DE MATERIA – TÉRMINO TEMÁTICO | |
| Enlace autoridades | 5 |
| Término de materia o nombre geográfico como elemento de entrada | NOVELA |
| Subdivisión geográfica | Argentina |
| 942 ## - ELEMENTOS AGREGADOS (KOHA) | |
| CDU | Clasificación Decimal Dewey |
| Tipo de ítem | Libros |
| Disponible | Perdido | Fuente de clasificación | Estado | Ubicación permanente | Locación actual | Estante o sala | Fuente de adquisición | Número de inventario | Total préstamos | Signatura topográfica | Código de barras | Numero de ejemplar | Tipo de item de Koha | Calificador de localización códificado |
|---|---|---|---|---|---|---|---|---|---|---|---|---|---|---|
| Clasificación Decimal Dewey | Biblioteca Susana G. De Batemarco | Biblioteca Susana G. De Batemarco | Verde | donación editorial | 000693 | 82-31 VAR | 000693 | 1 | Libros |
